000 00838cam a2200301 4500500
005 20260329005715.0
041 _afre
042 _adc
100 1 0 _aLacroix, Alexandre
_eauthor
245 0 0 _aLe pouvoir du peuple en questions
260 _c2024.
500 _a35
690 _aAlexandre Lacroix
690 _aDémocratie
690 _aGouvernement
690 _aHannah Arendt
690 _aJacques Rancière
690 _aJean-Jacques Rousseau
690 _aParti
690 _aPeuple
690 _aPlaton
690 _aPolitique
690 _aSimone Weil
690 _aSouveraineté
690 _aTocqueville
786 0 _nPhilosophie magazine | 182 | 9 | 2024-09-01 | p. 30-32 | 1951-1787
856 4 1 _uhttps://shs.cairn.info/magazine-philosophie-magazine-2024-9-page-30?lang=fr&redirect-ssocas=7080
999 _c1845814
_d1845814